F1 : Les points de pénalités reçu lors de la saison 2023 - Statistiques

Statistiques générales
  • Ce quiz a été pris 53 fois
  • Le résultat moyen est 9 sur 12
Statistiques - réponses
Nombre de points perdus sur la licence au cours de la saison 2023 Pilote % Correct
7 Pérez
91%
2 Verstappen
91%
4 Hamilton
84%
2 Sainz
79%
3 Hülkenberg
74%
3 Tsunoda
72%
4 Sargeant
70%
5 Stroll
67%
2 Zhou.Guanyu
65%
2 Bottas
63%
4 Russell
63%
2 de Vries
44%
Aucun quiz correspondant
Distribution des résultats
% des personnes avec chaque résultat
Percentile par nombre de réponses
Votre historique - résultats
Vous n’avez pas pris ce quiz